000 00723nam a22002297a 4500
001 47796
003 BD-RjUL
005 20211209054409.0
008 160810s1979 bg ||||| |||| 00| 0 ben d
020 _c : TK 12.00
035 _a(BD-RjUL)47915
040 _aBD-RjUL
_bben
_cBD-RjUL
041 _aben
082 _223
_a882
_bRAE 1979
100 1 _aরশীদ, আব্‌দার
_9145123
245 1 0 _aইলেকট্টা = [A play] /
_cআব্‌দার রশীদ
260 _aঢাকা :
_bচিত্তরঞ্জন সাহা,
_c১৯৭৯
300 _a[৮], ১৫২ পৃ. ;
_c২০ সেমি.
650 _aDrama
_9145124
650 _aনাটক
_9145125
942 _2ddc
_cBK
999 _c47796
_d47796